01007nam a2200193 a 450000100100000000500170001000800410002704000250006811000320009324000210012524501500014626000650029630000210036170000780038295201200046095201050058095201110068599900170079600003978920201002033733.0130719s2002 dr 000 0 spa d aDO-SdBNPbspacBNPHU1 aRepública Dominicana944710a[Código, etc.]10aCódigo tributario :bley 11-92 modificado por la ley 147 -00 y por la ley 12-01 y sus reglamentos para la aplicación de los título IIy III. a[Santo Domingo] :bSecretaría de Estado de Finanza,c2002. a294 p. ;c23 cm.1 aDirección General de Impuestos Internos (República Dominicana)965985 001154708DSaGRbGRcMId2015-04-13iLF1l0o p39789-30r2020-06-25te. 3w2020-06-25yLFDSZPréstamo en sala 0010718PDaPDbPDcHDd2013-07-19iLF1l0o p39789-10r2020-06-25w2020-06-25yLFPDZNo se presta 0011718PDaPDbPDcMId2015-02-03iLF1l0o p39789-20r2020-06-25te. 2w2020-06-25yLFPDZNo se presta c39279d39279